Globalization and the New Normal /

This study expands the empirical specification of Cerra and Saxena (2008), and allows short-term output growth regimes to be determined by globalization. Relying on a non-linear dynamic panel representation, it reconciles the earlier results in the literature regarding the two opposite narratives of...

Ausführliche Beschreibung

Bibliographische Detailangaben
1. Verfasser: Carare, Alina
Weitere Verfasser: Candelon, Bertrand, Hasse, Jean-Baptiste, Lu, Jing
Format: Zeitschrift
Sprache:English
Veröffentlicht: Washington, D.C. : International Monetary Fund, 2018.
Schriftenreihe:IMF Working Papers; Working Paper ; No. 2018/075
Online Zugang:Full text available on IMF
LEADER 02118cas a2200277 a 4500
001 AALejournalIMF018394
008 230101c9999 xx r poo 0 0eng d
020 |c 5.00 USD 
020 |z 9781484350645 
022 |a 1018-5941 
040 |a BD-DhAAL  |c BD-DhAAL 
100 1 |a Carare, Alina. 
245 1 0 |a Globalization and the New Normal /  |c Alina Carare, Bertrand Candelon, Jean-Baptiste Hasse, Jing Lu. 
264 1 |a Washington, D.C. :  |b International Monetary Fund,  |c 2018. 
300 |a 1 online resource (40 pages) 
490 1 |a IMF Working Papers 
500 |a <strong>Off-Campus Access:</strong> No User ID or Password Required 
500 |a <strong>On-Campus Access:</strong> No User ID or Password Required 
506 |a Electronic access restricted to authorized BRAC University faculty, staff and students 
520 3 |a This study expands the empirical specification of Cerra and Saxena (2008), and allows short-term output growth regimes to be determined by globalization. Relying on a non-linear dynamic panel representation, it reconciles the earlier results in the literature regarding the two opposite narratives of the effects of globalization on output growth. Countries experience higher growth, on average, the more open and integrated they are into the world. However, once they reach a certain globalization threshold (endogenously estimated), countries may also experience a new normal, persistently lower short-term output growth following a financial crisis. The benefits, as well as vulnerabilities, accrue earlier in the globalization process for low- and middle-income countries. To solely reap the globalization benefits on growth, sound policies should be in place to mitigate the negative effects stemming from increased vulnerabilities brought by globalization. 
538 |a Mode of access: Internet 
700 1 |a Candelon, Bertrand. 
700 1 |a Hasse, Jean-Baptiste. 
700 1 |a Lu, Jing. 
830 0 |a IMF Working Papers; Working Paper ;  |v No. 2018/075 
856 4 0 |z Full text available on IMF  |u http://elibrary.imf.org/view/journals/001/2018/075/001.2018.issue-075-en.xml  |z IMF e-Library